000 01371cam a22001934a 4500
005 20250605164359.0
008 250528s ||||||||||||||||||||||||d
035 _a24505
040 _aGR-AtMCL
_bgre
_dGR-AtMCL
_eAACR2
245 1 _aΧτίζοντας Win-Win Σχέσεις για τις Εταιρίες και την Ανακύκλωση / Ανταποδοτική Ανακύκλωση
260 _c2014
300 _a34
520 _aΕπιχειρήσεις και Περιβάλλον: Διαχέοντας την Ανακύκλωση στην Εταιρική Κουλτούρα, Φιλόδοξος Στόχος με Πολλές Προκλήσεις αλλά και Ευκαιρίες Ανάπτυξης, Παγκόσμια Τάση και Ελληνική Πραγματικότητα, Ευεργετικές για το Περιβάλλον αλλά και Πηγή Έλξης Πελατών, Επενδύουμε στη Σύνδεση με τη Start up Κουλτούρα, Εξωστρέφεια και Καινοτομία και Επενδύσεις και Προστιθέμενη Αξία, Ανάπτυξη των Premium Προϊόντων και Έμφαση στην Εξωστρέφεια.
700 1 _aΚορδελάς Δημήτρης
_99464
942 _cCR
710 2 _aThe Marketing Week
_99825
999 _c9382
_d9382